| 000 -LEADER |
| fixed length control field |
00444nam a22001457a 4500 |
| 003 - CONTROL NUMBER IDENTIFIER |
| control field |
LRUA |
| 005 - DATE AND TIME OF LATEST TRANSACTION |
| control field |
20231107214735.0 |
| 008 - FIXED-LENGTH DATA ELEMENTS--GENERAL INFORMATION |
| fixed length control field |
231107b xxu||||| |||| 00| 0 eng d |
| 040 ## - CATALOGING SOURCE |
| Transcribing agency |
DLC |
| 082 ## - DEWEY DECIMAL CLASSIFICATION NUMBER |
| Edition number |
FAO BIO 2009 C011 Or. |
| 100 ## - MAIN ENTRY--PERSONAL NAME |
| 9 (RLIN) |
16091 |
| Personal name |
JUNE |
| 245 ## - TITLE STATEMENT |
| Title |
BIO-SECURITY MEASURES TO PREVENT AVIN INFLUENZEA AND OTHER POULTRY DISEASES A GUIDE FOR COMMERCIAL & SEMI-COMMERCIAL FARMS |
| 260 ## - PUBLICATION, DISTRIBUTION, ETC. (IMPRINT) |
| Place of publication, distribution, etc. |
Phnom Penh |
| Name of publisher, distributor, etc. |
FAO |
| Date of publication, distribution, etc. |
2009 |
| 942 ## - ADDED ENTRY ELEMENTS (KOHA) |
| Source of classification or shelving scheme |
|
| Koha item type |
ADB |